Focus sur: Violette - Harry Potter - Statistiques

Statistiques générales
  • Ce quiz a été pris 33 fois
    32 depuis la dernière actualisation
  • Le résultat moyen est 4 sur 5
Statistiques - réponses
Informations recherchées Réponses % Correct
Lieu de rencontre avec Harry Potter Poudlard
100%
Ecole fréquentée Poudlard
100%
Première apparition Harry Potter et la Coupe de Feu
89%
Surnom Vi
63%
"Espèce" Tableau
48%
Aucun quiz correspondant
Distribution des résultats
% des personnes avec chaque résultat
Percentile par nombre de réponses
Votre historique - résultats
Vous n’avez pas pris ce quiz depuis la dernière actualisation